000 01155cam a2200301 a 4500
999 _c128632
_d128632
001 11889481
003 ARRUPE
005 20181122102227.0
008 000113s1998 sa 000 1 eng
010 _a 00311528
020 _a0864864388
040 _aDLC
_cDLC
_dDLC
043 _af-bs---
050 0 0 _aPR6063.C326
_bN6 1998
082 0 0 _a823/.914
_222
100 1 _aMcCall Smith, Alexander,
_d1948-
_914906
245 1 4 _aThe No. 1 Ladies' Detective Agency /
_cAlexander McCall Smith.
246 3 _aNumber One Ladies Detective Agency
260 _aEdinburgh,
_cc1998.
_bPolygon
300 _a226 p. ;
_c22 cm.
650 0 _aNo. 1 Ladies' Detective Agency (Imaginary organization)
_vFiction.
_943598
655 7 _aMystery fiction.
_2gsafd
_930988
906 _a7
_bcbc
_corignew
_d4
_encip
_f20
_gy-gencatlg
942 _2lcc
_cMONOGRAPH